Things found...at a Children's Birthday Party! - Statistics

General Stats
  • This quiz has been taken 194 times
    158 since last reset
  • The average score is 8 of 15
Answer Stats
Hint Answer % Correct
C Cake
95%
B Balloons
89%
G Gifts
84%
G Games
72%
F Food
66%
C Children
61%
E Entertainment (Clowns/ Magicians)
55%
C Candles
51%
M Music
40%
B Birthday Girl/Boy
38%
B Bouncy Castle
38%
C Birthday Cards
37%
D Decorations
31%
J Jelly
29%
P Party Poppers (and party poopers)
16%
No matching quizzes found
Score Distribution
Percent of People with Each Score
Percentile by Number Answered
Your Score History
You have not taken this quiz since the last reset